Ładuje się......
Modern macroeconomics: a post-keynesian perspective
| 1. autor: | |
|---|---|
| Format: | Printed Book |
| Język: | Undetermined |
| Wydane: |
London
Croom Helm
1988
|
| LEADER | 00535nam a2200145Ia 4500 | ||
|---|---|---|---|
| 008 | 161229s9999 xx 000 0 und d | ||
| 020 | |a 0709950802 | ||
| 082 | |a 339 BOB/MO | ||
| 100 | |a Bober, Stanley | ||
| 245 | |a Modern macroeconomics: a post-keynesian perspective | ||
| 260 | |b Croom Helm |a London |c 1988 | ||
| 300 | |a ix, 278 | ||
| 942 | |c BK | ||
| 999 | |c 154088 |d 154088 | ||
| 952 | |0 0 |1 0 |4 0 |6 339_000000000000000_BOBMO |7 0 |9 153162 |a KAUCLV |b KAUCLV |d 2016-12-29 |o 339 BOB/MO |p 905397 |r 2016-12-29 |w 2016-12-29 |y BK |z Book transferred from CCBM Library ,Acc.No:4037 | ||